| 000 | 00000cam 2200000zi 4500 |
| 001 | 9.963064 |
| 003 | CaOODSP |
| 005 | 20260526085234 |
| 006 | m o d f |
| 007 | cr mn||||||||| |
| 008 | 260526s1998 onca o f000 0 fre d |
| 040 | |aCaOODSP|bfre|erda|cCaOODSP |
| 043 | |an-cn--- |
| 086 | 1 |aT52-4/286-1998F-PDF |
| 245 | 00|aSATOPS : |brapport final - printemps 1998. |
| 264 | 1|a[Ottawa] : |bTransports Canada, Sécurité et sûreté = Transport Canada, Safety and Security, |c1998. |
| 300 | |a1 ressource en ligne (iv, 60 pages) : |billustration |
| 336 | |atexte|btxt|2rdacontent/fre |
| 337 | |ainformatique|bc|2rdamedia/fre |
| 338 | |aressource en ligne|bcr|2rdacarrier/fre |
| 500 | |aPublié aussi en anglais sous le titre : SATOPS: final report - Spring 1998. |
| 500 | |a« TP 13158 F. » |
| 650 | 6|aAvions-taxis|zCanada|xSécurité|xMesures. |
| 650 | 6|aAéronautique|xAccidents|zCanada|xPrévention. |
| 710 | 1 |aCanada. |bTransports Canada. |bSécurité et sûreté, |eorganisme de publication. |
| 775 | 08|tSATOPS : |w(CaOODSP)9.961526 |
| 856 | 40|qPDF|s207 Ko|uhttps://publications.gc.ca/collections/collection_2026/tc/T52-4-286-1998-fra.pdf |
| 856 | 4 |qHTML|sS.O.|uhttps://tc.canada.ca/fr/aviation/publications/satops-rapport-final-tp-13158 |
| 986 | |aTP 13158 F |